| 000 | 00501nam a22001937a 4500 | ||
|---|---|---|---|
| 999 |
_c195740 _d195740 |
||
| 005 | 20230419114354.0 | ||
| 010 | _aENG-136728 | ||
| 020 |
_a9789388332132 _c595.00 |
||
| 035 | _aEN-120260 | ||
| 037 | _bDBAD/PUB | ||
| 082 | _a954 | ||
| 100 | _aNair, Suresh | ||
| 245 | 0 | 0 |
_aThe e Nation/ _bSuresh Nair |
| 250 | _a1st. ed. | ||
| 260 |
_aKolkatta _bAuthors Press _c2019 |
||
| 300 |
_a229p.; _c22cm(pbk) |
||
| 700 |
_aChittabrata palit _eEdited by |
||
| 942 |
_2ddc _cEN _mNAI _h954 |
||